000 01234cam a2200313 a 4500
999 _c4244
_d4244
001 12541794
003 GZU
005 20210315100555.0
008 010921s2001 ilua b 001 0 eng
010 _a 2001276841
020 _a0967525810
040 _aDLC
_cDLC
_dDLC
043 _an-us---
050 0 0 _aRA777.8
_b.REE 2001
100 1 _aReed, James,
_d1944-
_eauthor
245 1 4 _aThe Black man's guide to good health :
_bessential advice for African American men and their families /
_cJames W. Reed, Neil Shulman, and Charlene Shucker.
250 _aNew and rev. ed.
260 _aRoscoe, Ill. :
_bHilton Pub.,
_cc2001.
300 _axiii, 304 p. :
_bill. ;
_c23 cm.
504 _aIncludes bibliographical references and index.
650 0 _aAfrican American men
_xHealth and hygiene.
650 0 _aAfrican American men
_xDiseases.
700 1 _aShulman, Neil.
_eauthor
700 1 _aShucker, Charlene.
_eauthor
856 4 2 _3Contributor biographical information
_uhttp://www.loc.gov/catdir/enhancements/fy0915/2001276841-b.html
856 4 2 _3Publisher description
_uhttp://www.loc.gov/catdir/enhancements/fy0915/2001276841-d.html
906 _a7
_bcbc
_corigcop
_d2
_encip
_f20
_gy-gencatlg
942 _2lcc
_cBK
_h777.8
_iREE
_kRA